000
00355nam a2200157Ia 4500
008
221030s9999 xx 000 0 und d
041
_a
English
082
_a
105.23
_b
Bha
100
_a
N. D. Bhatt
245
0
_a
Machine Drawing
260
_b
Charotar Pub.
_a
Anand
_c
2000
300
_a
350
650
_a
Mechanical
700
_a
V. M. Panchal
942
_c
BK
999
_c
354
_d
354